Представление документа в формате RUSMARC

ПолеНазваниеЗначение
  Тип записи a
  Библиографический уровень a
001 Контрольный номер RU/CBS_UL/BASE/162904f987e14be8ada50669fc005bce
005 Дата корректировки 20250124010519.7
100 Данные общей обработки __
a Данные общей обработки 20240227 ||| 0rusy0189 ca
101 Язык документа 0_
a Язык текста rus
102 Страна публикации __
a Страна публикации RU
200 Заглавие и сведения об ответственности 1_
a Заглавие Ностальгия по Янковскому
e Сведения, относящиеся к заглавию [23 февраля исполняется 80 лет со дня рождения последнего народного артиста СССР]
300 Общие примечания __
a Общие примечания 12+
461 Уровень набора _0
1 2000
a Литературная газета
463 Уровень физической единицы _0
1 2000
a № 7 (21-27 февр.)
v С. 10-11
1 2101
d 2024
1 001RU/CBS_UL/BASE/13df838c1afd4e768165e92e90a54706
600 Персоналии _1
a Персоналии (Фамилия) Янковский
b Персоналии (Имя, инициалы) О.И.
606 Тематические рубрики 0_
a Основная рубрика Янковский, Олег Иванович (1944-2009)
610 Ключевые слова 0_
a Ключевые слова актёры
610 Ключевые слова 0_
a Ключевые слова народные артисты
610 Ключевые слова 0_
a Ключевые слова кинорежиссёры
610 Ключевые слова 0_
a Ключевые слова актёры театра и кино
686 Индексы других классификаций __
a Классификационный индекс 85.37
801 Источник записи _0
a Страна RU
b Организация МБУК ЦБС г. Ульяновска
c Дата составления 20240227
g Правила каталогизации RCR
801 Источник записи _1
a Страна RU
b Организация МБУК ЦБС г. Ульяновска
c Дата составления 20240227
g Правила каталогизации RCR
901 Тип документа __
t Тип документа f
w Контрольный № источника RU/CBS_UL/BASE/13df838c1afd4e768165e92e90a54706
909 Создатель записи __
a Создатель записи mbo